UNESCO SOURCE BOOK FOR SCIENCE IN THE PRIMARY SCHOOL (Record no. 19985)
[ view plain ]
| 000 -LEADER | |
|---|---|
| fixed length control field | 00275nam a22001217a 4500 |
| 003 - CONTROL NUMBER IDENTIFIER | |
| control field | SGT |
| 082 ## - DEWEY DECIMAL CLASSIFICATION NUMBER | |
| Item number | HAR |
| 100 ## - MAIN ENTRY--PERSONAL NAME | |
| Personal name | HARLEN, WYNNE |
| 245 ## - TITLE STATEMENT | |
| Title | UNESCO SOURCE BOOK FOR SCIENCE IN THE PRIMARY SCHOOL |
| 260 ## - PUBLICATION, DISTRIBUTION, ETC. (IMPRINT) | |
| Place of publication, distribution, etc | FRANCE |
| Name of publisher, distributor, etc | UNESCO |
| Year of Publication | 1994 |
| 300 ## - PAGE DESCRIPTION | |
| No. of Pages | 270 |
| 942 ## - ADDED ENTRY ELEMENTS (KOHA) | |
| Source of classification or shelving scheme | Dewey Decimal Classification |
| Koha item type | Books |
| Withdrawn status | Lost status | Source of classification or shelving scheme | Damaged status | Not for loan | Collection code | Home library | Current library | Date acquired | SGTU | Full call number | Accession No. (Barcode) | Date last seen | Bill Date | Koha item type |
|---|---|---|---|---|---|---|---|---|---|---|---|---|---|---|
| Dewey Decimal Classification | EDUCATION | SGT Engineering Library | SGT Engineering Library | 06/05/2020 | SGTU | HAR | ED4734 | 06/05/2020 | 06/05/2020 | Books | ||||
| Dewey Decimal Classification | EDUCATION | SGT Engineering Library | SGT Engineering Library | 06/05/2020 | SGTU | HAR | ED4735 | 06/05/2020 | 06/05/2020 | Books |